LIBRARY & INFORMATION CENTRE, KCAET, TAVANUR

ONLINE PUBLIC ACCESS CATALOGUE (OPAC)

Gospel of Budha / (Record no. 1623)

MARC details
000 -LEADER
fixed length control field 00437cam a2200181ua 4500
041 ## - LANGUAGE CODE
Language code of text/sound track or separate title eng
082 ## - DEWEY DECIMAL CLASSIFICATION NUMBER
Classification number 294.3
Item number PAU/GO
100 ## - MAIN ENTRY--AUTHOR NAME
Personal name Paul, Carus .
245 ## - TITLE STATEMENT
Title Gospel of Budha /
260 ## - PUBLICATION, DISTRIBUTION, ETC. (IMPRINT)
Place of publication India :
Name of publisher Ministry of I&B, Govt. of India ,
Year of publication 1883.
300 ## - PHYSICAL DESCRIPTION
Number of Pages 252 ; .
700 1# - ADDED ENTRY--PERSONAL NAME
Personal name Kopetsky, O .
942 ## - ADDED ENTRY ELEMENTS (KOHA)
Koha item type Books
Holdings
Withdrawn status Lost status Damaged status Home library Current library Date acquired Full call number Accession Number Koha item type
Withdrawn     KAUAET Sanskrit University 07/04/2012 294.3 3696 Books
free website counter